[Event "4NCL/Div4/CONQ1 vs. GLOSG"]
[Site "Nottingham ENG"]
[Date "2007.03.24"]
[Round "7.4"]
[White "Meade, Philip J"]
[Black "Foster, James C"]
[Result "0-1"]
[WhiteElo "2050"]
[BlackElo "1914"]
[PlyCount "68"]
[EventDate "2007.03.24"]
[EventType "team"]
[EventRounds "11"]
[EventCountry "ENG"]
[WhiteTeam "Glos Gambits"]
[BlackTeam "Conquistadors 1"]

1. e4 d5 2. exd5 Qxd5 3. Nc3 Qa5 4. d4 c6 5. Nf3 Nf6 6. Bc4 Bf5 7. O-O e6 8.
Bf4 Nbd7 9. a3 Qd8 10. h3 Be7 11. Qe2 O-O 12. Rad1 Qa5 13. Rfe1 b5 14. Bd3 Bxd3
15. Qxd3 Nd5 16. Nxd5 cxd5 17. Ne5 Nxe5 18. Bxe5 Rfc8 19. c3 Qa4 20. Re3 a5 21.
Rde1 Rc6 22. Rg3 g6 23. Qd2 f6 24. Bf4 b4 25. axb4 axb4 26. Qd3 Kf7 27. h4 Qa6
28. Qf3 h5 29. Qd1 Qa2 30. Qd3 f5 31. Be5 Bxh4 32. Qe3 Bxg3 33. fxg3 Qxb2 34.
Re2 Ra1+ 0-1

[Event "4NCL/Div4/CONQ1 vs. GLOSG"]
[Site "Nottingham ENG"]
[Date "2007.03.24"]
[Round "7.5"]
[White "Winchcombe, Andrew"]
[Black "Gilmour, Andrew J"]
[Result "1/2-1/2"]
[WhiteElo "1895"]
[BlackElo "2065"]
[PlyCount "47"]
[EventDate "2007.03.24"]
[EventType "team"]
[EventRounds "11"]
[EventCountry "ENG"]
[WhiteTeam "Conquistadors 1"]
[BlackTeam "Glos Gambits"]

1. e4 c5 2. Nf3 d6 3. d4 cxd4 4. Nxd4 Nf6 5. Nc3 g6 6. Be3 Bg7 7. f3 Nc6 8. Bb5
Bd7 9. O-O O-O 10. Qd2 a6 11. Ba4 Rc8 12. Bb3 Na5 13. Rad1 Nc4 14. Bxc4 Rxc4
15. Nb3 Qc7 16. Rfe1 Rc8 17. Bd4 Be6 18. Qe3 Rc6 19. e5 dxe5 20. Bxe5 Qb6 21.
Bd4 Qc7 22. Be5 Qb6 23. Bd4 Qc7 24. Be5 1/2-1/2

[Event "4NCL/Div4/CONQ1 vs. GLOSG"]
[Site "Nottingham ENG"]
[Date "2007.03.24"]
[Round "7.6"]
[White "Taylor, Geoffrey P"]
[Black "Auckland, Elliott"]
[Result "1/2-1/2"]
[WhiteElo "2077"]
[BlackElo "1850"]
[PlyCount "36"]
[EventDate "2007.03.24"]
[EventType "team"]
[EventRounds "11"]
[EventCountry "ENG"]
[WhiteTeam "Glos Gambits"]
[BlackTeam "Conquistadors 1"]

1. e4 e5 2. Nf3 Nf6 3. d4 Nxe4 4. Bd3 d5 5. dxe5 Be7 6. O-O O-O 7. c4 Bf5 8.
Qe1 Nc6 9. Nc3 Bb4 10. a3 Bxc3 11. bxc3 Na5 12. Nd4 Bg6 13. f4 Nc5 14. Bxg6
hxg6 15. e6 Qd6 16. cxd5 Qxd5 17. exf7+ Rxf7 18. Qg3 Nab3 1/2-1/2

[Event "4NCL/Div4/CAMB2 vs. LEICS"]
[Site "Nottingham ENG"]
[Date "2007.03.24"]
[Round "7.1"]
[White "Pickard, Charles"]
[Black "Byron, Alan M"]
[Result "1/2-1/2"]
[WhiteElo "2160"]
[BlackElo "2267"]
[PlyCount "87"]
[EventDate "2007.03.24"]
[EventType "team"]
[EventRounds "11"]
[EventCountry "ENG"]
[WhiteTeam "Cambridge Uni 2 "]
[BlackTeam "Leicester"]

1. Nf3 d6 2. d4 Nf6 3. g3 g6 4. Bg2 Bg7 5. O-O O-O 6. c4 Nbd7 7. Qc2 e5 8. Rd1
Qe7 9. Nc3 c6 10. e4 Re8 11. d5 c5 12. Ne1 Rf8 13. Nd3 Nb6 14. b4 cxb4 15. Nxb4
Nxc4 16. Nb5 Nb6 17. Be3 Bd7 18. Qc7 Qd8 19. Qxd8 Rfxd8 20. a4 Ne8 21. Nxa7
Nxa4 22. Nbc6 bxc6 23. dxc6 Be6 24. Rxa4 Bb3 25. Rda1 Bxa4 26. Rxa4 Rdb8 27.
Bf1 Rb1 28. Kg2 Nc7 29. Ba6 Bf6 30. Bb7 Rb8 31. Nc8 d5 32. exd5 Nxd5 33. Bc5
Kg7 34. Ra7 Bd8 35. Ba6 Ra1 36. Bd6 Rxc8 37. Bxe5+ Bf6 38. Bxa1 Rxc6 39. Bxf6+
Nxf6 40. Be2 Rc2 41. Bf3 g5 42. h3 h5 43. Rb7 Rd2 44. Rb5 1/2-1/2

[Event "4NCL/Div4/CAMB2 vs. LEICS"]
[Site "Nottingham ENG"]
[Date "2007.03.24"]
[Round "7.2"]
[White "Mansson, James C"]
[Black "Spencer, Carl"]
[Result "0-1"]
[WhiteElo "2120"]
[BlackElo "2030"]
[PlyCount "74"]
[EventDate "2007.03.24"]
[EventType "team"]
[EventRounds "11"]
[EventCountry "ENG"]
[WhiteTeam "Leicester"]
[BlackTeam "Cambridge Uni 2 "]

1. Nf3 Nf6 2. c4 g6 3. Nc3 Bg7 4. e4 d6 5. d4 Nc6 6. d5 Nb8 7. Be2 O-O 8. O-O
e5 9. Bg5 h6 10. Bh4 a5 11. Ne1 g5 12. Bg3 Na6 13. Nd3 Nb4 14. a3 Nxd3 15. Bxd3
h5 16. f3 h4 17. Bf2 Nh5 18. c5 dxc5 19. Bxc5 Qf6 20. Nb5 b6 21. Be3 Nf4 22.
Nxc7 Rb8 23. Bc4 Kh8 24. Nb5 Bh6 25. Qd2 Rg8 26. Kh1 Rg6 27. Na7 Bd7 28. Bb5
Bxb5 29. Nxb5 g4 30. fxg4 Rxg4 31. Rf2 Qg6 32. Nc3 Rg8 33. Raf1 Nxg2 34. Bxh6
Nf4 35. Qd1 Nh3 36. Ne2 Nxf2+ 37. Rxf2 Qxe4+ 0-1

[Event "4NCL/Div4/CAMB2 vs. LEICS"]
[Site "Nottingham ENG"]
[Date "2007.03.24"]
[Round "7.3"]
[White "Gooding, Ian"]
[Black "Gibson, Christopher A"]
[Result "0-1"]
[WhiteElo "2018"]
[BlackElo "2050"]
[PlyCount "108"]
[EventDate "2007.03.24"]
[EventType "team"]
[EventRounds "11"]
[EventCountry "ENG"]
[WhiteTeam "Cambridge Uni 2 "]
[BlackTeam "Leicester"]

1. e4 c5 2. Nf3 d6 3. d4 cxd4 4. Nxd4 Nf6 5. Nc3 a6 6. f4 e6 7. Qf3 Qb6 8. Nb3
Be7 9. Be3 Qc7 10. O-O-O O-O 11. g4 b5 12. g5 Nfd7 13. Bd3 b4 14. Ne2 Bb7 15.
Kb1 Nc5 16. h4 a5 17. h5 Nbd7 18. Ng3 a4 19. Nxc5 Nxc5 20. g6 Nxd3 21. gxf7+
Rxf7 22. cxd3 b3 23. a3 Qc2+ 24. Ka1 d5 25. Rd2 Qc7 26. Rg2 Bd6 27. Rc1 Qe7 28.
Kb1 e5 29. f5 d4 30. f6 Rxf6 31. Nf5 Rxf5 32. Qxf5 Rf8 33. Qg4 dxe3 34. h6 g6
35. Rcg1 Ba6 36. Qe2 Rf6 37. Rc1 Rf2 38. Rxf2 exf2 39. Qxf2 Bxd3+ 40. Ka1 Bc2
41. Qb6 Bxe4 42. Rc8+ Kf7 43. Rh8 g5 44. Rd8 Qc7 45. Qf2+ Ke6 46. Re8+ Be7 47.
Qe1 Qc2 48. Qf1 Bf5 49. Ra8 g4 50. Ra6+ Kf7 51. Rxa4 g3 52. Rc4 g2 53. Qc1
Qxc1+ 54. Rxc1 Bc5 0-1

[Event "4NCL/Div4/CAMB2 vs. LEICS"]
[Site "Nottingham ENG"]
[Date "2007.03.24"]
[Round "7.4"]
[White "Bingham, James T"]
[Black "Kreuzer, Christopher"]
[Result "1/2-1/2"]
[WhiteElo "2055"]
[BlackElo "1990"]
[PlyCount "98"]
[EventDate "2007.03.24"]
[EventType "team"]
[EventRounds "11"]
[EventCountry "ENG"]
[WhiteTeam "Leicester"]
[BlackTeam "Cambridge Uni 2 "]

1. d4 Nf6 2. c4 e6 3. g3 d5 4. Bg2 Be7 5. Nf3 O-O 6. Nc3 c6 7. O-O Nbd7 8. b3
Re8 9. Qc2 Nf8 10. Bb2 Bd6 11. e4 dxe4 12. Nxe4 Nxe4 13. Qxe4 Ng6 14. Rad1 Qe7
15. Rfe1 Bd7 16. Qc2 Qf8 17. c5 Bc7 18. Ne5 Rad8 19. Be4 Bc8 20. h4 Kh8 21. Nc4
f5 22. Bg2 Ne7 23. Bc1 Nd5 24. Bg5 Rd7 25. Ne5 Bxe5 26. dxe5 h6 27. Bd2 Red8
28. Ba5 b6 29. cxb6 axb6 30. Bxd5 bxa5 31. Bxc6 Rc7 32. Rxd8 Qxd8 33. Rd1 Bd7
34. Qc4 Qc8 35. Bxd7 Rxc4 36. Bxc8 Rxc8 37. Rd2 Kg8 38. f4 Rc7 39. Kf2 Kf7 40.
Ke3 Rc3+ 41. Rd3 Rc2 42. a4 Ke7 43. Kd4 Rc7 44. Rc3 Rb7 45. Kd3 Rb4 46. Kc2 Re4
47. Rc7+ Kf8 48. Rc4 Re2+ 49. Kd3 Rg2 1/2-1/2

[Event "4NCL/Div4/CAMB2 vs. LEICS"]
[Site "Nottingham ENG"]
[Date "2007.03.24"]
[Round "7.5"]
[White "Campbell, Mark"]
[Black "Hewitt, Sean D"]
[Result "1-0"]
[WhiteElo "1975"]
[BlackElo "1945"]
[PlyCount "47"]
[EventDate "2007.03.24"]
[EventType "team"]
[EventRounds "11"]
[EventCountry "ENG"]
[WhiteTeam "Cambridge Uni 2 "]
[BlackTeam "Leicester"]

1. e4 e5 2. Nf3 Nc6 3. Bb5 a6 4. Ba4 Nf6 5. O-O Be7 6. Re1 b5 7. Bb3 O-O 8. c3
d5 9. exd5 e4 10. Ng5 Bg4 11. Qc2 Ne5 12. Nxe4 Nxe4 13. Qxe4 Bd6 14. d4 Re8 15.
dxe5 Rxe5 16. Qxe5 Bxe5 17. Rxe5 Qf6 18. Re1 Qg6 19. Bf4 h5 20. Bxc7 h4 21. Re3
Bf5 22. Nd2 Qh5 23. Rae1 g5 24. d6 1-0

[Event "4NCL/Div4/CAMB2 vs. LEICS"]
[Site "Nottingham ENG"]
[Date "2007.03.24"]
[Round "7.6"]
[White "Turner, Lewis"]
[Black "Gibbs, Dominic"]
[Result "0-1"]
[WhiteElo "1990"]
[BlackElo "1956"]
[PlyCount "48"]
[EventDate "2007.03.24"]
[EventType "team"]
[EventRounds "11"]
[EventCountry "ENG"]
[WhiteTeam "Leicester"]
[BlackTeam "Cambridge Uni 2 "]

1. d4 f5 2. g3 Nf6 3. Bg2 g6 4. Nh3 Bg7 5. c4 d6 6. d5 O-O 7. O-O e5 8. dxe6 c6
9. Nf4 Qe7 10. Qb3 Na6 11. Be3 Ng4 12. Bd2 Nc5 13. Qc2 Nxe6 14. Nc3 Nd4 15. Qd1
Bd7 16. e3 Ne6 17. Re1 Qf7 18. b3 Nc5 19. Qc2 g5 20. Nh3 Qh5 21. Rab1 f4 22. b4
f3 23. Bf1 Nxh2 24. Kxh2 Bxh3 0-1

[Event "4NCL/Div4/SCS1 vs. WEA1"]
[Site "Nottingham ENG"]
[Date "2007.03.24"]
[Round "7.1"]
[White "Heard, Andrew H"]
[Black "Fraser, Joe P"]
[Result "1-0"]
[WhiteElo "1985"]
[BlackElo "1972"]
[PlyCount "55"]
[EventDate "2007.03.24"]
[EventType "team"]
[EventRounds "11"]
[EventCountry "ENG"]
[WhiteTeam "S C Stars 1"]
[BlackTeam "W Collective 1"]

1. d4 Nf6 2. Nf3 g6 3. g3 Bg7 4. Bg2 O-O 5. O-O d6 6. c4 Nbd7 7. Nc3 e5 8. e4
exd4 9. Nxd4 Re8 10. b3 a6 11. Bb2 Rb8 12. Qd2 c5 13. Nde2 b5 14. cxb5 axb5 15.
Qxd6 b4 16. Na4 Nxe4 17. Qd3 Bxb2 18. Nxb2 Bb7 19. Nc4 Ne5 20. Nxe5 Rxe5 21.
Rfd1 Qf6 22. Bxe4 Rxe4 23. Nf4 Rbe8 24. Nd5 Qe5 25. Qxe4 Qxe4 26. Nf6+ Kg7 27.
Nxe4 Bxe4 28. Re1 1-0

[Event "4NCL/Div4/SCS1 vs. WEA1"]
[Site "Nottingham ENG"]
[Date "2007.03.24"]
[Round "7.2"]
[White "Tucker, Andrew L"]
[Black "Lutton, J Arnold"]
[Result "1/2-1/2"]
[WhiteElo "1956"]
[BlackElo "1901"]
[PlyCount "118"]
[EventDate "2007.03.24"]
[EventType "team"]
[EventRounds "11"]
[EventCountry "ENG"]
[WhiteTeam "W Collective 1"]
[BlackTeam "S C Stars 1"]

1. e4 e6 2. d3 d5 3. Nd2 c5 4. Ngf3 Nf6 5. g3 Nc6 6. Bg2 Be7 7. O-O O-O 8. Re1
Qc7 9. c3 d4 10. Nb3 e5 11. Bg5 b6 12. cxd4 cxd4 13. Rc1 Bd7 14. Nbd2 b5 15.
Bxf6 Bxf6 16. Nb3 Rfc8 17. a3 Be7 18. Nc5 Bg4 19. h4 Qb6 20. Nb3 Rc7 21. Qd2
Be6 22. Na1 f6 23. Kh2 Rac8 24. Bh3 Bxh3 25. Kxh3 a5 26. Qd1 a4 27. Re2 Na5 28.
Rxc7 Rxc7 29. Rc2 Rxc2 30. Qxc2 Qe6+ 31. Kg2 Qc6 32. Qxc6 Nxc6 33. Nd2 Kf7 34.
Nc2 Na5 35. f4 g6 36. Kf3 h5 37. g4 hxg4+ 38. Kxg4 Bf8 39. fxe5 fxe5 40. Nf3
Kf6 41. Ng5 Be7 42. Nh7+ Kg7 43. Ng5 Bxg5 44. hxg5 Nb3 45. Kf3 Nc5 46. Nb4 Ne6
47. Kg4 Nf4 48. Kf3 Kf7 49. Kg3 Ke6 50. Kf3 Kd6 51. Kg3 Ne2+ 52. Kf2 Nc1 53.
Kg3 Nb3 54. Kf3 Nd2+ 55. Ke2 Nb3 56. Kf3 Nc5 57. Kg4 Ne6 58. Nd5 Nc5 59. Nb4
Nb3 1/2-1/2

[Event "4NCL/Div4/SCS1 vs. WEA1"]
[Site "Nottingham ENG"]
[Date "2007.03.24"]
[Round "7.3"]
[White "Lowry-O'Reilly, Hannah"]
[Black "Grant, David"]
[Result "1-0"]
[WhiteElo "1823"]
[BlackElo "1920"]
[PlyCount "103"]
[EventDate "2007.03.24"]
[EventType "team"]
[EventRounds "11"]
[EventCountry "ENG"]
[WhiteTeam "S C Stars 1"]
[BlackTeam "W Collective 1"]

1. d4 Nf6 2. Bf4 g6 3. Nf3 Bg7 4. e3 O-O 5. c3 c5 6. Bd3 b6 7. O-O Bb7 8. Nbd2
d6 9. Qe2 Qc7 10. h3 Nbd7 11. Bh2 Rae8 12. Rfd1 Rd8 13. Bc2 cxd4 14. exd4 Rfe8
15. Re1 Nd5 16. Rac1 Bh6 17. Rcd1 Nf4 18. Qf1 Qc6 19. Ne4 f5 20. Bb3+ d5 21.
Neg5 Bxg5 22. Nxg5 Nh5 23. Re3 Ng7 24. Rde1 e6 25. Qe2 Nf8 26. Qd1 h6 27. Nf3
Nd7 28. Bc2 Kf7 29. Bd3 a6 30. g4 g5 31. gxf5 exf5 32. Rxe8 Rxe8 33. Rxe8 Kxe8
34. Qe2+ Kf7 35. Bxa6 Bxa6 36. Qxa6 g4 37. hxg4 fxg4 38. Ne5+ Nxe5 39. Bxe5 Nf5
40. Qa7+ Kg6 41. Qb8 Qe6 42. Qd8 h5 43. a4 h4 44. a5 bxa5 45. Qxa5 g3 46. fxg3
Nxg3 47. Qc7 Nf5 48. Qd8 Qa6 49. Qg8+ Kh5 50. Kf2 Qc6 51. Kf3 Ng3 52. Qh7+ 1-0

[Event "4NCL/Div4/SCS1 vs. WEA1"]
[Site "Nottingham ENG"]
[Date "2007.03.24"]
[Round "7.4"]
[White "Salimbeni, George"]
[Black "Hardy-Wallace, Daniel"]
[Result "1-0"]
[WhiteElo "1890"]
[BlackElo "1815"]
[PlyCount "51"]
[EventDate "2007.03.24"]
[EventType "team"]
[EventRounds "11"]
[EventCountry "ENG"]
[WhiteTeam "W Collective 1"]
[BlackTeam "S C Stars 1"]

1. e4 c6 2. c4 d5 3. cxd5 cxd5 4. exd5 Nf6 5. Nc3 Nxd5 6. Nf3 e6 7. Bc4 Be7 8.
O-O Nc6 9. d4 O-O 10. Be3 Nb6 11. Bb3 Nb4 12. a3 N4d5 13. Ne5 f6 14. Nd3 Kh8
15. Nf4 Nxf4 16. Bxf4 Bd6 17. Bxd6 Qxd6 18. Re1 e5 19. dxe5 Qxd1 20. Raxd1 fxe5
21. Rxe5 Bg4 22. f3 Bf5 23. Nb5 Rae8 24. Rxe8 Rxe8 25. Nd6 Rf8 26. Nxf5 1-0

[Event "4NCL/Div4/SCS1 vs. WEA1"]
[Site "Nottingham ENG"]
[Date "2007.03.24"]
[Round "7.5"]
[White "Lowry-O'Reilly, Johannah"]
[Black "Cumming, Rhys"]
[Result "0-1"]
[WhiteElo "1410"]
[BlackElo "1845"]
[PlyCount "54"]
[EventDate "2007.03.24"]
[EventType "team"]
[EventRounds "11"]
[EventCountry "ENG"]
[WhiteTeam "S C Stars 1"]
[BlackTeam "W Collective 1"]

1. d4 d5 2. Bf4 Nf6 3. e3 e6 4. Nf3 Be7 5. Bd3 O-O 6. O-O Nbd7 7. Nbd2 c5 8. c4
cxd4 9. exd4 dxc4 10. Nxc4 Nd5 11. Bd2 N7f6 12. Nfe5 Bd7 13. Na5 Qb6 14. Nb3
Ba4 15. Bxh7+ Nxh7 16. Nd7 Bxd7 17. Ba5 Qa6 18. Re1 b6 19. Bd2 Rac8 20. Re4
Ndf6 21. Rh4 Qd3 22. f3 Nd5 23. Nc1 Rxc1 24. Rxc1 Bxh4 25. g3 Qxd4+ 26. Kg2
Qxb2 27. gxh4 Ne3+ 0-1

[Event "4NCL/Div4/WEA2 vs. NOTT2"]
[Site "Nottingham ENG"]
[Date "2007.03.24"]
[Round "7.1"]
[White "Bayliss, Lyall C P"]
[Black "Webster, Richard J"]
[Result "0-1"]
[WhiteElo "2000"]
[BlackElo "1976"]
[PlyCount "90"]
[EventDate "2007.03.24"]
[EventType "team"]
[EventRounds "11"]
[EventCountry "ENG"]
[WhiteTeam "W Collective 2"]
[BlackTeam "Notts 2"]

1. e4 e6 2. d4 d5 3. e5 c5 4. c3 Nc6 5. Nf3 Bd7 6. Be2 Nge7 7. O-O Nf5 8. Na3
cxd4 9. cxd4 Bxa3 10. bxa3 Qb6 11. Be3 Nxe3 12. fxe3 O-O 13. Rb1 Qc7 14. Bd3 f6
15. exf6 Rxf6 16. Qc2 h6 17. Ne5 Rc8 18. Rxf6 gxf6 19. Bh7+ Kf8 20. Qc5+ Kg7
21. Nxc6 Bxc6 22. Bd3 b6 23. Qc2 Be8 24. Qe2 f5 25. g4 Bg6 26. gxf5 exf5 27.
Rf1 Rf8 28. Qg2 Qd7 29. h4 Kf6 30. h5 Bh7 31. Qh2 Rg8+ 32. Kh1 Qe7 33. Rc1 Qxe3
34. Rc6+ Kg5 35. Be2 f4 36. Qg2+ Kh4 37. Qh2+ Kg5 38. Qg2+ Kh4 39. Qh2+ Qh3 40.
Bf3 Be4 41. Bxe4 dxe4 42. Rf6 Qxh2+ 43. Kxh2 Kg5 44. Re6 e3 45. Kg2 Kf5+ 0-1

[Event "4NCL/Div4/WEA2 vs. NOTT2"]
[Site "Nottingham ENG"]
[Date "2007.03.24"]
[Round "7.2"]
[White "Lakhani, Kishan"]
[Black "Lunn, Matt"]
[Result "1/2-1/2"]
[WhiteElo "1968"]
[BlackElo "1865"]
[PlyCount "75"]
[EventDate "2007.03.24"]
[EventType "team"]
[EventRounds "11"]
[EventCountry "ENG"]
[WhiteTeam "Notts 2"]
[BlackTeam "W Collective 2"]

1. e4 c6 2. d3 d5 3. Nc3 dxe4 4. Nxe4 Nd7 5. Qe2 e6 6. g3 Ngf6 7. Bg2 Be7 8.
Nh3 Nxe4 9. dxe4 e5 10. O-O Qc7 11. f4 f6 12. f5 Nf8 13. Be3 Qa5 14. Nf2 Bd7
15. c3 c5 16. c4 Qc7 17. Rad1 O-O-O 18. Nd3 b6 19. a3 Be8 20. b4 Nd7 21. Rb1
Bf7 22. Rfc1 Nb8 23. bxc5 Bxc5 24. Nxc5 bxc5 25. Rb5 Na6 26. Rcb1 Rd6 27. Bf1
Rhd8 28. Qb2 Qc6 29. Qc2 R8d7 30. Bxc5 Nxc5 31. Rb8+ Kc7 32. Qc3 Qa6 33. R1b5
Rb6 34. Ra5 Kxb8 35. Rxa6 Nxa6 36. c5 Nxc5 37. Qxc5 Kb7 38. Bb5 1/2-1/2

[Event "4NCL/Div4/WEA2 vs. NOTT2"]
[Site "Nottingham ENG"]
[Date "2007.03.24"]
[Round "7.3"]
[White "Jones, William"]
[Black "Wright, Antony J"]
[Result "1-0"]
[WhiteElo "1865"]
[BlackElo "2020"]
[PlyCount "105"]
[EventDate "2007.03.24"]
[EventType "team"]
[EventRounds "11"]
[EventCountry "ENG"]
[WhiteTeam "W Collective 2"]
[BlackTeam "Notts 2"]

1. e4 e6 2. d4 d5 3. Nc3 Nf6 4. Bg5 Be7 5. e5 Nfd7 6. Bxe7 Qxe7 7. f4 a6 8. Nf3
c5 9. Qd2 Nc6 10. dxc5 Nxc5 11. Bd3 Bd7 12. O-O-O b5 13. Qf2 Rc8 14. Kb1 Nxd3
15. cxd3 Qb4 16. f5 Qf4 17. fxe6 fxe6 18. Ne2 Qf7 19. Rhf1 O-O 20. Qh4 h6 21.
Ng3 Qg6 22. Nh5 Be8 23. g4 Nb4 24. Qe7 Nxd3 25. Qxf8+ Kxf8 26. Nh4+ Kg8 27.
Nxg6 Bxg6 28. Ka1 Nxe5 29. Nf4 Bf7 30. h3 Nc4 31. Rfe1 Re8 32. Nd3 Rd8 33. b3
Nd6 34. Nc5 Re8 35. Nxa6 Rc8 36. Rc1 Rxc1+ 37. Rxc1 e5 38. Nc7 d4 39. Rc6 Ne4
40. Nxb5 d3 41. Kb2 Nf2 42. Kc3 e4 43. Kd2 Nxh3 44. Ke3 Ng5 45. Nd4 Be8 46. Rc8
Kf7 47. a4 Bd7 48. Rc7 Ke8 49. a5 Kd8 50. Rb7 Bxg4 51. a6 Bc8 52. Nc6+ Ke8 53.
Rb8 1-0

[Event "4NCL/Div4/WEA2 vs. NOTT2"]
[Site "Nottingham ENG"]
[Date "2007.03.24"]
[Round "7.4"]
[White "Thompson, Brian"]
[Black "Jones, Victor"]
[Result "0-1"]
[WhiteElo "2000"]
[BlackElo "1830"]
[PlyCount "104"]
[EventDate "2007.03.24"]
[EventType "team"]
[EventRounds "11"]
[EventCountry "ENG"]
[WhiteTeam "Notts 2"]
[BlackTeam "W Collective 2"]

1. d4 Nf6 2. Nf3 g6 3. Nc3 Bg7 4. e4 d6 5. Be3 O-O 6. Qd2 c6 7. Be2 b5 8. Bd3
b4 9. Ne2 Ng4 10. h4 h5 11. Nh2 Nxe3 12. Qxe3 c5 13. g4 cxd4 14. Qg3 hxg4 15.
Nxg4 Nc6 16. f4 Bxg4 17. Qxg4 Qc8 18. Qxc8 Raxc8 19. O-O-O Na5 20. h5 e5 21.
Rdg1 exf4 22. Nxf4 Bh6 23. Rg4 Bxf4+ 24. Rxf4 g5 25. Rf6 Nb7 26. Ba6 Rc7 27.
Bxb7 Rxb7 28. Rxd6 Re8 29. Rxd4 a5 30. Rd5 f6 31. e5 Rxe5 32. Rxe5 fxe5 33. Rg1
Rg7 34. Kd2 g4 35. Ke3 Rg5 36. h6 Kh7 37. Kf2 Kxh6 38. Kg3 Rf5 39. Rd1 Kg5 40.
Rd8 Rf3+ 41. Kg2 e4 42. Rd5+ Rf5 43. Rd1 e3 44. Re1 Rf2+ 45. Kg3 Rf3+ 46. Kg2
Kf4 47. c4 bxc3 48. bxc3 Rf2+ 49. Kg1 Rc2 50. Rf1+ Kg3 51. c4 Rxc4 52. Rb1 a4
0-1

[Event "4NCL/Div4/WEA2 vs. NOTT2"]
[Site "Nottingham ENG"]
[Date "2007.03.24"]
[Round "7.5"]
[White "Galliano, Alex"]
[Black "Kingston, Ian"]
[Result "1-0"]
[WhiteElo "1885"]
[BlackElo "1965"]
[PlyCount "73"]
[EventDate "2007.03.24"]
[EventType "team"]
[EventRounds "11"]
[EventCountry "ENG"]
[WhiteTeam "W Collective 2"]
[BlackTeam "Notts 2"]

1. e4 e5 2. Nf3 Nc6 3. Bb5 a6 4. Ba4 Nf6 5. O-O Be7 6. Re1 b5 7. Bb3 O-O 8. c3
d5 9. d4 exd4 10. e5 Ne4 11. cxd4 Bg4 12. Nc3 Nxc3 13. bxc3 Qd7 14. a4 b4 15.
cxb4 Nxb4 16. Ba3 Rab8 17. Qd2 a5 18. Qe3 Rb6 19. Nd2 Rfb8 20. h3 Bf5 21. Rec1
Rg6 22. Kh2 Bg5 23. f4 Bh4 24. Nf1 Nd3 25. Rcb1 Bf2 26. Qd2 Rxg2+ 27. Kxg2
Bxh3+ 28. Kh2 Qg4 29. Bxd5 Rd8 30. Qxd3 Bg1+ 31. Kh1 Bf2 32. Nh2 Qh4 33. Be7
Qxe7 34. Qxh3 Rxd5 35. Qf3 Qd8 36. Qxf2 Rxd4 37. Qxd4 1-0

[Event "4NCL/Div4/WEA2 vs. NOTT2"]
[Site "Nottingham ENG"]
[Date "2007.03.24"]
[Round "7.6"]
[White "Lakhani, Anjali"]
[Black "Maguire, Robert"]
[Result "1/2-1/2"]
[WhiteElo "1830"]
[BlackElo "1795"]
[PlyCount "66"]
[EventDate "2007.03.24"]
[EventType "team"]
[EventRounds "11"]
[EventCountry "ENG"]
[WhiteTeam "Notts 2"]
[BlackTeam "W Collective 2"]

1. e4 e5 2. Nf3 Nc6 3. d4 exd4 4. Nxd4 Nf6 5. Nxc6 bxc6 6. e5 Qe7 7. Qe2 Nd5 8.
c4 Ba6 9. b3 g5 10. Bb2 Bg7 11. Nd2 O-O-O 12. Qe4 Nf4 13. g3 Ng6 14. f4 gxf4
15. gxf4 Qh4+ 16. Kd1 Qxf4 17. Qxf4 Nxf4 18. Rg1 Rhg8 19. Kc2 Ng6 20. Nf3 c5
21. Re1 Bh6 22. Bd3 Bb7 23. Bxg6 fxg6 24. Ng5 Bxg5 25. Rxg5 Rgf8 26. h4 Rf2+
27. Kb1 Rh2 28. Rg4 Rf8 29. Ba3 Rh1 30. Rxh1 Bxh1 31. Bxc5 Rf5 32. Bxa7 Rxe5
33. Rf4 Rf5 1/2-1/2

[Event "4NCL/Div4/SUTC vs. ATH1"]
[Site "Nottingham ENG"]
[Date "2007.03.24"]
[Round "7.1"]
[White "Addis, Mark"]
[Black "Quinn, John M"]
[Result "1/2-1/2"]
[WhiteElo "2060"]
[BlackElo "2143"]
[PlyCount "66"]
[EventDate "2007.03.24"]
[EventType "team"]
[EventRounds "11"]
[EventCountry "ENG"]
[WhiteTeam "Sutton Coldfield"]
[BlackTeam "Athenaeum 1"]

1. d4 Nf6 2. c4 e6 3. Nf3 Bb4+ 4. Bd2 Qe7 5. g3 O-O 6. Bg2 Ne4 7. O-O Bxd2 8.
Nfxd2 Nxd2 9. Qxd2 d6 10. e4 e5 11. d5 a5 12. Nc3 Nd7 13. Rae1 Nc5 14. f4 f5
15. fxe5 dxe5 16. Qe3 f4 17. gxf4 Rxf4 18. Rxf4 exf4 19. Qd4 Ra6 20. Rf1 Rg6
21. Ne2 Qxe4 22. Qxe4 Nxe4 23. Nxf4 Rg4 24. Ne6 Nf6 25. b3 Bxe6 26. dxe6 Kf8
27. Kh1 c6 28. Rf5 Ke7 29. Rxa5 Rd4 30. Bh3 Rd1+ 31. Kg2 Rd2+ 32. Kg1 Rd1+ 33.
Kg2 Rd2+ 1/2-1/2

[Event "4NCL/Div4/SUTC vs. ATH1"]
[Site "Nottingham ENG"]
[Date "2007.03.24"]
[Round "7.2"]
[White "Pedersen, Carsten"]
[Black "Escott, Keith"]
[Result "1-0"]
[WhiteElo "2124"]
[BlackElo "2065"]
[PlyCount "65"]
[EventDate "2007.03.24"]
[EventType "team"]
[EventRounds "11"]
[EventCountry "ENG"]
[WhiteTeam "Athenaeum 1"]
[BlackTeam "Sutton Coldfield"]

1. e4 c5 2. Nc3 Nc6 3. g3 g6 4. Bg2 Bg7 5. d3 d6 6. f4 e5 7. Nf3 Nge7 8. O-O
O-O 9. f5 gxf5 10. Nh4 fxe4 11. dxe4 Nd4 12. g4 Nd5 13. Nxd5 Qxh4 14. Ne3 Bh6
15. Nf5 Nxf5 16. exf5 Bxc1 17. Rxc1 Rd8 18. c4 Rb8 19. Rc3 b5 20. Rh3 Qg5 21.
Qe2 bxc4 22. Rh5 Qg7 23. g5 Bb7 24. Bxb7 Rxb7 25. Rf2 d5 26. Rh6 Kh8 27. Qh5
Rg8 28. Rg2 Rxb2 29. Rxb2 Qxg5+ 30. Qxg5 Rxg5+ 31. Rg2 Rxf5 32. Rc6 h5 33. Rh6#
1-0

[Event "4NCL/Div4/SUTC vs. ATH1"]
[Site "Nottingham ENG"]
[Date "2007.03.24"]
[Round "7.3"]
[White "Soszynski, Marek"]
[Black "Stevenson, James A B"]
[Result "0-1"]
[WhiteElo "1900"]
[BlackElo "2093"]
[PlyCount "74"]
[EventDate "2007.03.24"]
[EventType "team"]
[EventRounds "11"]
[EventCountry "ENG"]
[WhiteTeam "Sutton Coldfield"]
[BlackTeam "Athenaeum 1"]

1. e4 c5 2. Nf3 d6 3. Bb5+ Bd7 4. Bxd7+ Qxd7 5. O-O Nc6 6. c3 Nf6 7. Re1 e6 8.
d4 cxd4 9. cxd4 d5 10. exd5 Nxd5 11. a3 Be7 12. Nbd2 O-O 13. Nf1 Rfd8 14. Ng3
Rac8 15. Ne2 h6 16. b4 a6 17. Qd3 Bf6 18. Bb2 Qd6 19. Qe4 Nb6 20. Rad1 Nc4 21.
Bc1 b5 22. h4 Ne7 23. Nf4 Nd5 24. Rd3 Nxf4 25. Bxf4 Qd5 26. Qe2 Qf5 27. Bg3 Rd5
28. Red1 Rcd8 29. Qa2 e5 30. Ne1 e4 31. Rb3 Bxd4 32. Qe2 Bxf2+ 33. Bxf2 Rxd1
34. Kh2 R8d2 35. g4 Qf4+ 36. Bg3 Rxe2+ 37. Kh3 Qf1+ 0-1

[Event "4NCL/Div4/SUTC vs. ATH1"]
[Site "Nottingham ENG"]
[Date "2007.03.24"]
[Round "7.4"]
[White "Gruettner, Ralf"]
[Black "Burgess, Thomas"]
[Result "1/2-1/2"]
[WhiteElo "2067"]
[BlackElo "1835"]
[PlyCount "103"]
[EventDate "2007.03.24"]
[EventType "team"]
[EventRounds "11"]
[EventCountry "ENG"]
[WhiteTeam "Athenaeum 1"]
[BlackTeam "Sutton Coldfield"]

1. e4 e6 2. d4 d5 3. Nd2 Nf6 4. e5 Nfd7 5. Bd3 c5 6. c3 Nc6 7. Ngf3 cxd4 8.
cxd4 Be7 9. O-O O-O 10. Re1 f6 11. exf6 Nxf6 12. Nf1 Qb6 13. Ng3 Bd6 14. Re2
Nb4 15. Bb1 Bd7 16. Bg5 Rae8 17. a3 Nc6 18. Qd3 g6 19. Qd2 Bb8 20. Ba2 Bxg3 21.
hxg3 Ne4 22. Rxe4 dxe4 23. Ne5 Nxe5 24. dxe5 Qc7 25. Bf6 Bc6 26. Rd1 Rf7 27.
Qh6 Rd7 28. Rd6 Rxd6 29. exd6 Qd7 30. Be5 Bd5 31. Bb1 Qf7 32. g4 Qf8 33. Qe3 b6
34. Bxe4 Bxe4 35. Qxe4 Qf7 36. Bd4 e5 37. Bxe5 Qe6 38. f4 Qxd6 39. Qc4+ Qe6 40.
Qxe6+ Rxe6 41. Kf2 Rc6 42. g5 Kf7 43. Ke3 Ke6 44. Bd4 Rc4 45. g4 a5 46. Bc3 a4
47. Bd4 b5 48. Bc3 Kd5 49. Kf3 Ke6 50. Ke3 Kd6 51. Kf3 Ke6 52. Ke3 1/2-1/2